000 00492nam a22001812 4500
001 0000004968
005 20170406120240.0
008 141127s xx 000 0 eng d
020 _c$
040 _aYour Holding Symbol
_cYour Holding Symbol
100 1 _aNull,Manns Vivian.
245 1 0 _astudy guide to accompany biology.
250 _a3rd ed.
260 _aNew york :
_bWrth publishers,
_c1979.
300 _a348 p. ;
_c cm.
650 0 _abiology.
908 _a141127
999 _c4775
_d4775